Statystyki dla Nazwij reprezentację piłkarską.

Kliknij tutaj aby rozwiązać quiz!

Ogólne statystyki

  • Ten quiz został rozwiązany 37 razy
  • Średni wynik to 13 z 16

Statystyki odpowiedzi

Odpowiedź% Poprawnych
Włochy
100%
Niemcy
97%
Anglia
94%
Belgia
94%
Grecja
94%
Portugalia
94%
Szwecja
94%
Turcja
94%
Brazylia
91%
Francja
91%
Hiszpania
91%
Rosja
88%
Australia
82%
Urugwaj
76%
Wietnam
24%
RPA
12%

Rozkład punktacji

Percentyl według liczby udzielonych odpowiedzi

Procent ludzi z każdym wynikiem

Twoja historia wyników

Nie rozwiązałeś tego quizu